000 00589cam a2200205 4500500
005 20260405003342.0
041 _afre
042 _adc
100 1 0 _aPortevin, Catherine
_eauthor
245 0 0 _aToucher le vertige
260 _c2021.
500 _a51
690 _aArthur Lochmann
690 _aMétaphysique
690 _aMontagne
690 _aPerception
690 _aVertige
786 0 _nPhilosophie magazine | 152 | 9 | 2021-09-01 | p. 78-78 | 1951-1787
856 4 1 _uhttps://shs.cairn.info/magazine-philosophie-magazine-2021-9-page-78?lang=fr&redirect-ssocas=7080
999 _c2066756
_d2066756